000 00457nam a2200181Ia 4500
005 20250423101734.0
008 250422s9999 xx 000 0 und d
020 _a0028229959
050 _aG 128 .B63/
100 _aBoehm, Richard G.
245 0 _aWorld geography : a physical and cultural approach
260 _aNew York
260 _bMcGraw Hill
260 _c1995
300 _a786 p
650 _aGeography _ Study and teaching
942 _cBK
999 _c37131
_d37131